|
|
|
|
| LEADER |
02326nam a22004575i 4500 |
| 001 |
978-3-540-29715-4 |
| 003 |
DE-He213 |
| 005 |
20151204172238.0 |
| 007 |
cr nn 008mamaa |
| 008 |
100301s2006 gw | s |||| 0|eng d |
| 020 |
|
|
|a 9783540297154
|9 978-3-540-29715-4
|
| 024 |
7 |
|
|a 10.1007/3-540-29715-4
|2 doi
|
| 040 |
|
|
|d GrThAP
|
| 050 |
|
4 |
|a RM1-950
|
| 072 |
|
7 |
|a MMG
|2 bicssc
|
| 072 |
|
7 |
|a MED071000
|2 bisacsh
|
| 082 |
0 |
4 |
|a 615
|2 23
|
| 245 |
1 |
0 |
|a Basis and Treatment of Cardiac Arrhythmias
|h [electronic resource].
|
| 264 |
|
1 |
|a Berlin, Heidelberg :
|b Springer Berlin Heidelberg,
|c 2006.
|
| 300 |
|
|
|a IX, 361 p. 66 illus., 4 illus. in color.
|b online resource.
|
| 336 |
|
|
|a text
|b txt
|2 rdacontent
|
| 337 |
|
|
|a computer
|b c
|2 rdamedia
|
| 338 |
|
|
|a online resource
|b cr
|2 rdacarrier
|
| 347 |
|
|
|a text file
|b PDF
|2 rda
|
| 490 |
1 |
|
|a Handbook of Experimental Pharmacology,
|x 0171-2004 ;
|v 171
|
| 505 |
0 |
|
|a History of Arrhythmias -- Pacemaker Current and Automatic Rhythms: Toward a Molecular Understanding -- Proarrhythmia -- Cardiac Na+ Channels as Therapeutic Targets for Antiarrhythmic Agents -- Structural Determinants of Potassium Channel Blockade and Drug-Induced Arrhythmias -- Sodium Calcium Exchange as a Target for Antiarrhythmic Therapy -- A Role for Calcium/Calmodulin-Dependent Protein Kinase II in Cardiac Disease and Arrhythmia -- AKAPs as Antiarrhythmic Targets? -- ?-Blockers as Antiarrhythmic Agents -- Experimental Therapy of Genetic Arrhythmias: Disease-Specific Pharmacology -- Mutation-Specific Pharmacology of the Long QT Syndrome -- Therapy for the Brugada Syndrome -- Molecular Basis of Isolated Cardiac Conduction Disease -- hERG Trafficking and Pharmacological Rescue of LQTS-2 Mutant Channels.
|
| 650 |
|
0 |
|a Medicine.
|
| 650 |
|
0 |
|a Human physiology.
|
| 650 |
|
0 |
|a Pharmacology.
|
| 650 |
|
0 |
|a Cardiology.
|
| 650 |
1 |
4 |
|a Biomedicine.
|
| 650 |
2 |
4 |
|a Pharmacology/Toxicology.
|
| 650 |
2 |
4 |
|a Cardiology.
|
| 650 |
2 |
4 |
|a Human Physiology.
|
| 710 |
2 |
|
|a SpringerLink (Online service)
|
| 773 |
0 |
|
|t Springer eBooks
|
| 776 |
0 |
8 |
|i Printed edition:
|z 9783540249672
|
| 830 |
|
0 |
|a Handbook of Experimental Pharmacology,
|x 0171-2004 ;
|v 171
|
| 856 |
4 |
0 |
|u http://dx.doi.org/10.1007/3-540-29715-4
|z Full Text via HEAL-Link
|
| 912 |
|
|
|a ZDB-2-SBL
|
| 950 |
|
|
|a Biomedical and Life Sciences (Springer-11642)
|